000 00777nam a22002057a 4500
999 _c187309
_d187309
005 20220412114821.0
010 _aENG-132273
020 _a9789354490781
_c799.00
035 _aEN-115805
037 _bDBAD/PUB
082 _a547
100 _aSingh, Maya Shankar
245 _aAdvance Organic Chemistry:
_bReaction and Mechanism/
_cMaya shankar Singh and Keshav Raghuvanshi
250 _aSecond Edition
260 _aUttar pradesh
_bPearson India Education Services Pvt, Ltd
_c2021
270 _bUttar Pradesh
_a15th Floor, Tower -B , World Trade Tower , plot no.1 , Block -C ,Sector 16, Noida
_mcompanysecretary.india@pearson.com
_e201301
300 _axxvii, 668p.
_bIndex
_c23cm.(pbk)
700 _aRaghuvanshi , Keshav
942 _2ddc
_cEN
_mMAY
_h547